Normal view
MARC view
- الشلل الدماغي-امراض
Entry Topical Term
001 - CONTROL NUMBER
- control field: 16100
003 - CONTROL NUMBER IDENTIFIER
- control field: JO-AjAnu
005 - DATE AND TIME OF LATEST TRANSACTION
- control field: 20230606072852.0
008 - FIXED-LENGTH DATA ELEMENTS
- fixed length control field: 230606|| aca||aabn | a|a d
040 ## - CATALOGING SOURCE
- Original cataloging agency: JO-AjAnu
- Transcribing agency: JO-AjAnu
150 ## - HEADING--TOPICAL TERM
- Topical term or geographic name entry element: الشلل الدماغي-امراض
670 ## - SOURCE DATA FOUND
- Source citation: Work cat.: (JO-AjAnu)8264: ابوعليم ، ابراهيم حسين / م مشارك اياس عطية العبادي, author 16099, الشلل الدماغي=CERBRAL PALSY